书目信息 |
| 题名: |
电机与电力拖动
|
|
| 作者: | 赵影 编 | |
| 分册: | ||
| 出版信息: | 北京 国防工业出版社 2006.07 |
|
| 页数: | 326页 | |
| 开本: | 26cm | |
| 丛书名: | ||
| 单 册: | ||
| 中图分类: | TM3 | |
| 科图分类: | ||
| 主题词: | 电机--dian ji--高等学校--教材 , 电机转动--dian ji zhuan dong--高等学校--教材 | |
| 电子资源: | ||
| ISBN: | 7-118-04500-4 | |
| 000 | 00889nam0 2200265 450 | |
| 001 | 012008581780 | |
| 005 | 20080105115242.20 | |
| 010 | @a7-118-04500-4@dCNY30.00 | |
| 100 | @a20080105d2006 em y0chiy0120 ea | |
| 101 | 0 | @achi |
| 102 | @aCN@b110000 | |
| 105 | @aa a 000yy | |
| 106 | @ar | |
| 200 | 1 | @a电机与电力拖动@Adian ji yu dian li tuo dong@f赵影编@Fzhao ying bian |
| 210 | @a北京@c国防工业出版社@d2006.07 | |
| 215 | @a326页@c图@d26cm | |
| 300 | @a21世纪高等院校规划教材 | |
| 320 | @a有书目 (第325页)。 | |
| 330 | @a本书内容是电机及电力拖动介绍,以直流电机、异步电机、同步电机、变压器等4种运用电机和交直流电机的电力拖动为对象对电机深度介绍。 | |
| 606 | 0 | @a电机@Adian ji@x高等学校@j教材 |
| 606 | 0 | @a电机转动@Adian ji zhuan dong@x高等学校@j教材 |
| 690 | @aTM3@v4 | |
| 701 | 0 | @a赵影@Azhao ying@4编 |
| 801 | 0 | @aCN@bQSSK@c20080105 |
| 905 | @b275498-500@dTM3@eZ342@f3 | |
| 电机与电力拖动/赵影编.-北京:国防工业出版社,2006.07 |
| 326页:图;26cm |
| 21世纪高等院校规划教材 |
| ISBN 7-118-04500-4:CNY30.00 |
| 本书内容是电机及电力拖动介绍,以直流电机、异步电机、同步电机、变压器等4种运用电机和交直流电机的电力拖动为对象对电机深度介绍。 |
| ● |
| 相关链接 |
|
|
|
正题名:电机与电力拖动
索取号:TM3/Z342
 
预约/预借
| 序号 | 登录号 | 条形码 | 馆藏地/架位号 | 状态 | 备注 |
| 1 | 275498 | 202754983 | 自科二线404/404自科库 16排4列3层/ [索取号:TM3/Z342] | 在馆 | |
| 2 | 275499 | 202754992 | 自科库301/301自科库 10排4列4层/ [索取号:TM3/Z342] | 在馆 | |
| 3 | 275500 | 202755009 | 自科库301/301自科库 10排4列4层/ [索取号:TM3/Z342] | 在馆 |